[Event "Tournoi des pays de l'OTAN 2012"]
[Site "BREST (France)"]
[Date "2012.10.03"]
[Round "4.27"]
[White "Dilek, Cihan"]
[Black "Baxted, Peter"]
[Result "1/2-1/2"]
[WhiteElo "1867"]
[BlackElo "2003"]
[PlyCount "72"]
[EventDate "2012.??.??"]

1. e4 c5 2. c3 g6 3. d4 cxd4 4. cxd4 Bg7 5. Nf3 d6 6. h3 Nf6 7. Nc3 O-O 8. Bd3
b6 9. Qe2 Bb7 10. O-O Nbd7 11. Rd1 a6 12. Bf4 Re8 13. Bh2 b5 14. e5 Nd5 15. e6
Nf8 16. exf7+ Kxf7 17. Ng5+ Kg8 18. Ne6 Nxc3 19. bxc3 Nxe6 20. Qxe6+ Kh8 21.
Qe3 Rc8 22. Rac1 Bd5 23. Bb1 Qd7 24. Bf4 Qe6 25. Qd2 Qf7 26. Be3 Rc7 27. Qb2
Rec8 28. h4 Qe6 29. Bd3 Qg4 30. Bf1 Qxh4 31. a4 bxa4 32. c4 Bf7 33. Qb4 a3 34.
Qxa3 Qg4 35. c5 dxc5 36. dxc5 Be5 1/2-1/2

[Event "Tournoi des pays de l'OTAN 2012"]
[Site "BREST (France)"]
[Date "2012.10.03"]
[Round "4.28"]
[White "Cohnen, Michael"]
[Black "Berrak, Sedat"]
[Result "1/2-1/2"]
[WhiteElo "1809"]
[BlackElo "2040"]
[PlyCount "36"]
[EventDate "2012.??.??"]

1. d4 Nf6 2. c4 e6 3. Nc3 Bb4 4. Qc2 d5 5. a3 Bxc3+ 6. Qxc3 Ne4 7. Qc2 O-O 8.
Nf3 Nd7 9. Bf4 c6 10. e3 f5 11. Bd3 Ndf6 12. O-O Bd7 13. Nd2 Be8 14. f3 Nxd2
15. Qxd2 Bg6 16. c5 Re8 17. Qc2 Nd7 18. Bg3 Qf6 1/2-1/2

[Event "Tournoi des pays de l'OTAN 2012"]
[Site "BREST (France)"]
[Date "2012.10.03"]
[Round "4.29"]
[White "Nielsen, Henrik"]
[Black "Kaygisiz, Ozgur Can"]
[Result "1-0"]
[WhiteElo "2037"]
[BlackElo "1899"]
[PlyCount "85"]
[EventDate "2012.??.??"]

1. d4 Nf6 2. Nf3 e6 3. Bf4 c5 4. e3 Be7 5. h3 cxd4 6. exd4 Nd5 7. Bg3 Qb6 8.
Qc1 Nc6 9. c3 O-O 10. Nbd2 f5 11. Nc4 Qd8 12. Bd6 b5 13. Bxe7 Qxe7 14. Nce5
Nxe5 15. dxe5 a6 16. Be2 Bb7 17. O-O Kh8 18. Qd2 g5 19. a4 Nf4 20. axb5 Nxe2+
21. Qxe2 axb5 22. Qxb5 Rab8 23. Qe2 Rg8 24. Ra4 Rg6 25. Rd1 Bc6 26. Rad4 h5 27.
b4 g4 28. Ne1 h4 29. hxg4 Rbg8 30. b5 h3 31. bxc6 h2+ 32. Kh1 dxc6 33. gxf5
exf5 34. Qh5+ Qh7 35. Qxh7+ Kxh7 36. Rd7+ Kh6 37. R7d6 Kg5 38. Rxg6+ Rxg6 39.
Rd6 Rxd6 40. Nf3+ Kg6 41. exd6 Kf6 42. Nd4 c5 43. Nxf5 1-0

[Event "Tournoi des pays de l'OTAN 2012"]
[Site "BREST (France)"]
[Date "2012.10.03"]
[Round "4.30"]
[White "Choate, Paul"]
[Black "Stuhr, Finn"]
[Result "1-0"]
[WhiteElo "2024"]
[BlackElo "1653"]
[PlyCount "73"]
[EventDate "2012.??.??"]

1. Nf3 b6 2. e4 Bb7 3. Nc3 g6 4. d4 Bg7 5. Bc4 e6 6. Bg5 Ne7 7. Qd2 Nbc6 8.
O-O-O Na5 9. Bd3 O-O 10. Bh6 f5 11. e5 Bxf3 12. gxf3 Nac6 13. Ne2 Nd5 14. c3 d6
15. exd6 Qxd6 16. h4 Nf6 17. Rdg1 Rf7 18. Qg5 Nh5 19. Bxg7 Rxg7 20. Rd1 Ne7 21.
Kb1 Nd5 22. Ng3 Ndf4 23. Bc4 c6 24. Nxh5 Nxh5 25. Rhe1 Re8 26. Re5 a5 27. Rde1
Rge7 28. a4 Kg7 29. Rg1 Nf6 30. h5 Nd7 31. Ree1 e5 32. hxg6 hxg6 33. Rh1 exd4
34. Reg1 Nf8 35. Qh6+ Kf6 36. Qh4+ Kg7 37. Qh8# 1-0

[Event "Tournoi des pays de l'OTAN 2012"]
[Site "BREST (France)"]
[Date "2012.10.03"]
[Round "4.31"]
[White "Koopmeiners, Karl"]
[Black "Bower, Scott"]
[Result "1-0"]
[WhiteElo "2015"]
[BlackElo "1786"]
[PlyCount "63"]
[EventDate "2012.??.??"]

1. d4 e6 2. c4 Nf6 3. Nf3 Bb4+ 4. Bd2 Bxd2+ 5. Nbxd2 d5 6. g3 c6 7. Bg2 Qc7 8.
O-O Nbd7 9. Rc1 O-O 10. Qc2 h6 11. e4 dxe4 12. Nxe4 Nxe4 13. Qxe4 Nf6 14. Qe3
Bd7 15. Ne5 Rfd8 16. Rfd1 Qa5 17. a3 Be8 18. Rd2 Nd7 19. Rcd1 Qb6 20. Qc3 Nxe5
21. dxe5 Rxd2 22. Rxd2 Rd8 23. c5 Qc7 24. Rd6 Rxd6 25. exd6 Qd8 26. h4 Bd7 27.
b4 b6 28. b5 cxb5 29. c6 Bc8 30. Qd3 Ba6 31. d7 g6 32. c7 1-0

[Event "Tournoi des pays de l'OTAN 2012"]
[Site "BREST (France)"]
[Date "2012.10.03"]
[Round "4.32"]
[White "Giedraitis, Mingaudas"]
[Black "Nyberg, Darwin"]
[Result "0-1"]
[WhiteElo "1800"]
[BlackElo "1971"]
[PlyCount "96"]
[EventDate "2012.??.??"]

1. e4 e5 2. Nc3 Nc6 3. Bc4 g6 4. d3 Bg7 5. Nge2 Nge7 6. a3 O-O 7. O-O d6 8. Bg5
h6 9. Be3 Kh7 10. f4 Bg4 11. Qd2 Bxe2 12. Nxe2 d5 13. exd5 Nxd5 14. Bc5 Re8 15.
Nc3 Nxc3 16. bxc3 f5 17. fxe5 Nxe5 18. Bb3 b6 19. Bf2 Ng4 20. d4 c5 21. Rad1
cxd4 22. cxd4 Qd6 23. Bg3 Qxa3 24. Rf3 Qb2 25. h3 Nf6 26. Be5 Ne4 27. Qb4 Kh8
28. Bxg7+ Kxg7 29. Qc4 Re7 30. Ba2 Nd2 31. Rxd2 Qc1+ 32. Kh2 Qxd2 33. d5 Rd8
34. Rd3 Qg5 35. d6 Red7 36. Bb3 Qf6 37. g4 fxg4 38. hxg4 Rxd6 39. Rxd6 Qxd6+
40. Kh3 Rf8 41. Qc3+ Qf6 42. Qc7+ Kh8 43. Bd5 Re8 44. Qc4 a5 45. Kg2 Rf8 46.
Qe4 b5 47. Bc6 b4 48. Ba4 Qf2+ 0-1

[Event "Tournoi des pays de l'OTAN 2012"]
[Site "BREST (France)"]
[Date "2012.10.03"]
[Round "4.33"]
[White "Ghiacy, Jelani"]
[Black "Bublys, Vaidotas"]
[Result "0-1"]
[WhiteElo "1193"]
[BlackElo "1930"]
[PlyCount "66"]
[EventDate "2012.??.??"]

1. e4 c5 2. Nf3 Nc6 3. a3 g6 4. Nc3 Bg7 5. h3 e6 6. d3 Nge7 7. Rb1 O-O 8. Be3
Qa5 9. Bd2 Qb6 10. Qc1 a6 11. Na4 Qa7 12. Nc3 b5 13. Bh6 Qc7 14. Bxg7 Kxg7 15.
b3 d5 16. exd5 exd5 17. Be2 Re8 18. O-O f5 19. Re1 d4 20. Na2 b4 21. axb4 cxb4
22. Nd2 Be6 23. Bf3 Nd5 24. Bxd5 Bxd5 25. Nc4 a5 26. Rf1 Re2 27. Qd1 Rae8 28.
Nc1 R2e7 29. g3 Ne5 30. Nxe5 Rxe5 31. Qd2 Bb7 32. f4 Re3 33. Qh2 Qc6 0-1

[Event "Tournoi des pays de l'OTAN 2012"]
[Site "BREST (France)"]
[Date "2012.10.03"]
[Round "4.34"]
[White "Csizmadia, Csaba"]
[Black "Vercauteren, Daniel"]
[Result "0-1"]
[WhiteElo "1913"]
[BlackElo "1642"]
[PlyCount "56"]
[EventDate "2012.??.??"]

1. d4 Nf6 2. c4 e6 3. Nf3 b6 4. g3 Bb7 5. Bg2 c5 6. e3 Be7 7. O-O O-O 8. Nc3 d5
9. Ne5 Na6 10. Qe2 Nc7 11. b3 cxd4 12. exd4 Nd7 13. Rd1 Rb8 14. Bf4 Nf6 15.
Rac1 Rc8 16. h4 Ba8 17. h5 dxc4 18. Bxa8 Rxa8 19. Nc6 Qd7 20. Nxe7+ Qxe7 21. h6
Rfd8 22. bxc4 Nce8 23. hxg7 Nxg7 24. Bg5 h6 25. Bxh6 Nh7 26. Qg4 Qf6 27. Ne4
Qxh6 28. Kg2 f5 0-1

[Event "Tournoi des pays de l'OTAN 2012"]
[Site "BREST (France)"]
[Date "2012.10.03"]
[Round "4.35"]
[White "Ross, David"]
[Black "De Cat, Ben"]
[Result "0-1"]
[WhiteElo "1810"]
[BlackElo "1911"]
[PlyCount "70"]
[EventDate "2012.??.??"]

1. e4 d6 2. d4 Nc6 3. Nf3 Bg4 4. Bc4 e6 5. c3 Be7 6. O-O Nf6 7. Re1 e5 8. d5
Nb8 9. Nbd2 O-O 10. Nf1 Nbd7 11. Ng3 Nb6 12. Bb3 Ne8 13. h3 Bd7 14. Bc2 g6 15.
Qd2 f6 16. Qh6 Rf7 17. b3 g5 18. Nf5 Bf8 19. Qh5 Bxf5 20. exf5 Nxd5 21. c4 Ng7
22. Qg4 Nf4 23. Nh2 Qd7 24. Qf3 c6 25. Ng4 Kh8 26. Ne3 d5 27. cxd5 cxd5 28. g3
Bb4 29. Rd1 Qc6 30. gxf4 gxf4 31. Nxd5 Qxc2 32. Nxb4 Qxf5 33. Rd5 Ne6 34. Bb2
Ng5 35. Qh5 Nxh3+ 0-1

[Event "Tournoi des pays de l'OTAN 2012"]
[Site "BREST (France)"]
[Date "2012.10.03"]
[Round "4.36"]
[White "Bellemare, Regis"]
[Black "Rosseel, Kimball"]
[Result "1-0"]
[WhiteElo "1764"]
[BlackElo "1786"]
[PlyCount "55"]
[EventDate "2012.??.??"]

1. e4 e6 2. d4 d5 3. Nc3 Nf6 4. e5 Nfd7 5. f4 c5 6. Be3 Nc6 7. Nge2 Qb6 8. Rb1
f6 9. exf6 Nxf6 10. Na4 Qa5+ 11. c3 cxd4 12. Nxd4 a6 13. Nxc6 bxc6 14. Bb6 Qb5
15. Bxb5 axb5 16. Nc5 Bd6 17. Nd3 Ne4 18. Be3 O-O 19. O-O Bb7 20. Ra1 c5 21.
Nf2 Bxf4 22. Bxf4 Rxf4 23. Nxe4 Rxe4 24. Re1 Rxe1+ 25. Qxe1 Re8 26. Qe5 c4 27.
Rf1 Bc8 28. Qc7 1-0

[Event "Tournoi des pays de l'OTAN 2012"]
[Site "BREST (France)"]
[Date "2012.10.03"]
[Round "4.37"]
[White "Kocur, Marc"]
[Black "Dekker, Ard"]
[Result "1/2-1/2"]
[WhiteElo "1891"]
[BlackElo "1866"]
[PlyCount "36"]
[EventDate "2012.??.??"]

1. d4 Nf6 2. Nf3 g6 3. e3 d5 4. Nbd2 Bg7 5. Bd3 O-O 6. O-O c6 7. Ne5 Nfd7 8. f4
Nxe5 9. fxe5 f6 10. exf6 exf6 11. c3 f5 12. c4 Be6 13. Qb3 Qb6 14. Nf3 Nd7 15.
Ng5 Rfe8 16. Bd2 Nf6 17. h3 Rac8 18. Qa3 Bf8 1/2-1/2

[Event "Tournoi des pays de l'OTAN 2012"]
[Site "BREST (France)"]
[Date "2012.10.03"]
[Round "4.38"]
[White "Ulusoy, Mustafa"]
[Black "Langer, Herb"]
[Result "1-0"]
[WhiteElo "1707"]
[BlackElo "1773"]
[PlyCount "61"]
[EventDate "2012.??.??"]

1. d4 c6 2. c4 d5 3. Nc3 Nf6 4. Nf3 Bf5 5. Nh4 Bg6 6. Nxg6 hxg6 7. e3 e6 8. Qb3
Qc7 9. Bd2 Nbd7 10. Rc1 Bd6 11. h3 dxc4 12. Bxc4 Nb6 13. Bd3 O-O 14. Nb5 Qd7
15. Nxd6 Qxd6 16. Bb4 Qd5 17. Qxd5 Nbxd5 18. Bxf8 Rxf8 19. a3 Re8 20. Kd2 e5
21. dxe5 Rxe5 22. b4 a6 23. g3 Kf8 24. Rhe1 Ne7 25. e4 g5 26. Rc5 Rxc5 27. bxc5
Nd7 28. Rc1 Ng6 29. Ke3 f6 30. Kd4 Ke7 31. Rb1 1-0

[Event "Tournoi des pays de l'OTAN 2012"]
[Site "BREST (France)"]
[Date "2012.10.03"]
[Round "4.39"]
[White "Echavarria Hidalgo, Fernando"]
[Black "Geerts, Luc"]
[Result "0-1"]
[WhiteElo "1774"]
[BlackElo "1596"]
[PlyCount "82"]
[EventDate "2012.??.??"]

1. d4 d5 2. c4 c6 3. cxd5 cxd5 4. Nc3 Nf6 5. Nf3 e6 6. Bg5 Be7 7. e3 O-O 8. Bd3
Nfd7 9. Bxe7 Qxe7 10. Qc2 h6 11. O-O Nc6 12. a3 a6 13. b4 Qd6 14. Rfd1 Nb6 15.
Na2 Bd7 16. Rab1 Rfc8 17. Qe2 e5 18. dxe5 Nxe5 19. Nxe5 Qxe5 20. Rbc1 Be6 21.
f4 Qf6 22. Qf2 Nc4 23. f5 Nb2 24. Rxc8+ Bxc8 25. Rd2 Nxd3 26. Rxd3 Qa1+ 27. Qf1
Qxa2 28. g4 Qc4 29. Qd1 Qe4 30. Kf2 Bxf5 31. gxf5 Qxf5+ 32. Ke1 Re8 33. Qe2 Qg5
34. Kd2 Re4 35. Qf3 Qe5 36. Qh3 f5 37. Rc3 d4 38. Rc8+ Kh7 39. exd4 Rxd4+ 40.
Kc2 Qe4+ 41. Kb3 Rd3+ 0-1

[Event "Tournoi des pays de l'OTAN 2012"]
[Site "BREST (France)"]
[Date "2012.10.03"]
[Round "4.40"]
[White "Langelier, Frederic"]
[Black "Chwieseni, Edward"]
[Result "0-1"]
[WhiteElo "1281"]
[BlackElo "1794"]
[PlyCount "86"]
[EventDate "2012.??.??"]

1. c4 c6 2. d4 d5 3. Nc3 g6 4. e3 Nf6 5. Nf3 Bg4 6. Be2 e6 7. a3 Bg7 8. Ne5
Bxe2 9. Qxe2 O-O 10. Ng4 Nbd7 11. c5 b6 12. b4 bxc5 13. bxc5 Nxg4 14. Qxg4 Nxc5
15. O-O Nb3 16. Bb2 Nxa1 17. Bxa1 Qa5 18. Ne2 Qxa3 19. e4 Qb4 20. e5 Rfb8 21.
Nc3 a5 22. h4 a4 23. h5 a3 24. Qh4 c5 25. hxg6 hxg6 26. g4 cxd4 27. Kg2 dxc3
28. Rh1 Qe4+ 29. f3 Qe2+ 30. Kg3 Bxe5+ 31. f4 Qe3+ 32. Kg2 Qe4+ 33. Kg1 Rb1+
34. Kf2 Qxh1 35. Qxh1 Rxh1 36. fxe5 Rxa1 37. g5 c2 38. Ke3 c1=Q+ 39. Kd4 Ra4+
40. Kd3 Qd1+ 41. Ke3 Re4+ 42. Kf2 Ra2+ 43. Kg3 Qg4# 0-1

[Event "Tournoi des pays de l'OTAN 2012"]
[Site "BREST (France)"]
[Date "2012.10.04"]
[Round "5.1"]
[White "Guidez, Yann-Michael"]
[Black "Drabke, Lorenz Maximilian"]
[Result "0-1"]
[WhiteElo "2262"]
[BlackElo "2411"]
[PlyCount "112"]
[EventDate "2012.??.??"]

1. e4 c5 2. Nf3 e6 3. b3 b6 4. Bd3 Bb7 5. O-O d6 6. Qe2 Nd7 7. Ba6 Bxa6 8. Qxa6
Ngf6 9. Nc3 Be7 10. a4 Qc8 11. Qxc8+ Rxc8 12. a5 c4 13. axb6 axb6 14. bxc4 Rxc4
15. Ra8+ Bd8 16. Nb5 O-O 17. d3 Rxc2 18. Nfd4 Rc5 19. Ba3 Rh5 20. Bxd6 Be7 21.
Rxf8+ Kxf8 22. Rc1 Nc5 23. Bxe7+ Kxe7 24. f4 Nfd7 25. Rc3 g5 26. fxg5 Ne5 27.
Na7 Nexd3 28. Nc8+ Kf8 29. Nxb6 Rxg5 30. Nf3 Rg4 31. Nd7+ Nxd7 32. Rxd3 Nc5 33.
Rd8+ Ke7 34. Rc8 Nxe4 35. Rc7+ Ke8 36. Rc8+ Ke7 37. Rc7+ Ke8 38. Rc8+ Kd7 39.
Rc4 f6 40. Ra4 h5 41. Ra7+ Kd6 42. Ra6+ Kd5 43. Ra5+ Nc5 44. Ra8 e5 45. Rh8 Ne6
46. Kf2 Ra4 47. Rh6 Ra2+ 48. Kf1 Ra1+ 49. Kf2 Ra2+ 50. Kf1 Nf4 51. Rxf6 Ra1+
52. Kf2 Ra2+ 53. Kf1 Nxg2 54. Rb6 Ne3+ 55. Ke1 e4 56. Nd2 Rxd2 0-1

[Event "Tournoi des pays de l'OTAN 2012"]
[Site "BREST (France)"]
[Date "2012.10.04"]
[Round "5.2"]
[White "Wantiez, Fabrice"]
[Black "Bieluszewski, Piotr"]
[Result "1-0"]
[WhiteElo "2337"]
[BlackElo "2107"]
[PlyCount "93"]
[EventDate "2012.??.??"]

1. e4 c5 2. Nf3 e6 3. d4 cxd4 4. Nxd4 a6 5. Nc3 Qc7 6. g3 Bb4 7. Bd2 Nf6 8. Bg2
Nc6 9. Nxc6 dxc6 10. O-O Be7 11. Qe1 e5 12. Na4 b6 13. c4 Nd7 14. b4 O-O 15.
Rc1 Re8 16. Be3 b5 17. Nb2 Nb6 18. c5 Nd7 19. Nd1 Nf8 20. Nc3 Be6 21. Nd5 Qb7
22. f4 exf4 23. gxf4 Rad8 24. Nxe7+ Rxe7 25. f5 Bc4 26. f6 gxf6 27. Rxf6 Ng6
28. h4 h5 29. Qg3 Re6 30. e5 Rde8 31. Re1 Bd5 32. Bh3 Rxf6 33. exf6 Qb8 34. Qg5
Re5 35. Qg3 Re8 36. Qxb8 Rxb8 37. Bg5 Kh7 38. Bf5 Rd8 39. Rd1 Re8 40. Rxd5 cxd5
41. c6 d4 42. c7 d3 43. Kf1 d2 44. Bxd2 Kg8 45. Be1 Ne5 46. c8=Q Rxc8 47. Bxc8
1-0

[Event "Tournoi des pays de l'OTAN 2012"]
[Site "BREST (France)"]
[Date "2012.10.04"]
[Round "5.3"]
[White "Kaczorowski, Piotr"]
[Black "Rosenkilde, Alexander"]
[Result "0-1"]
[WhiteElo "2054"]
[BlackElo "2260"]
[PlyCount "100"]
[EventDate "2012.??.??"]

1. d4 Nf6 2. c4 e6 3. a3 b6 4. Nc3 Bb7 5. d5 Be7 6. g3 O-O 7. Bg2 d6 8. e4 e5
9. Nge2 c6 10. O-O Nbd7 11. h3 Rc8 12. Be3 cxd5 13. cxd5 Ba6 14. Qa4 Bxe2 15.
Nxe2 Qc7 16. Rfc1 Qb7 17. b4 a6 18. Rc6 a5 19. b5 Ne8 20. Rac1 Nc5 21. Qd1 Rd8
22. f4 f5 23. Bxc5 bxc5 24. Qd3 fxe4 25. Bxe4 Nf6 26. a4 Qd7 27. Kg2 g6 28. Rf1
Kg7 29. Rd1 Ne8 30. fxe5 dxe5 31. Bxg6 Nd6 32. Be4 Rf7 33. Nc3 Rdf8 34. Rd2 Bg5
35. Re2 h5 36. b6 h4 37. Rc7 Qd8 38. Rxf7+ Rxf7 39. Rb2 Qf6 40. Bf3 c4 41. Qe2
Bc1 42. Rb1 Qg5 43. Bg4 hxg3 44. Ne4 Nxe4 45. b7 Rf2+ 46. Qxf2 gxf2 47. b8=Q
f1=Q+ 48. Kxf1 Qf4+ 49. Kg2 Qf2+ 50. Kh1 Ng3# 0-1

[Event "Tournoi des pays de l'OTAN 2012"]
[Site "BREST (France)"]
[Date "2012.10.04"]
[Round "5.4"]
[White "Petersen, Finn"]
[Black "Sypien, Mateusz"]
[Result "1/2-1/2"]
[WhiteElo "2291"]
[BlackElo "2269"]
[PlyCount "108"]
[EventDate "2012.??.??"]

1. g3 Nf6 2. Bg2 g6 3. c4 Bg7 4. Nc3 O-O 5. e3 e5 6. Nge2 c6 7. d4 d6 8. b3 Re8
9. dxe5 dxe5 10. O-O Bf5 11. e4 Be6 12. h3 Na6 13. Be3 Qe7 14. a3 Nh5 15. Qc2
f5 16. Bc1 Qf7 17. f3 f4 18. g4 Nf6 19. Bb2 Nd7 20. Rac1 h5 21. Nd1 hxg4 22.
fxg4 Rad8 23. b4 Nb6 24. c5 Nc4 25. Rf2 Bf6 26. Bf1 Bh4 27. Rf3 Rd2 28. Qc3 g5
29. Nxf4 gxf4 30. Bxc4 Rxd1+ 31. Rxd1 Bxc4 32. Qc2 Bf6 33. Rd6 Be6 34. Bc3 Nc7
35. a4 Bg7 36. Qb2 Bc4 37. Kg2 Ne6 38. Bxe5 Ng5 39. Bxg7 Nxf3 40. Kxf3 Qxg7 41.
Qxg7+ Kxg7 42. Rd7+ Kf6 43. Kxf4 Bb3 44. Rxb7 Bxa4 45. Rxa7 Bc2 46. g5+ Kg6 47.
e5 Rf8+ 48. Ke3 Kxg5 49. h4+ Kxh4 50. Ra6 Rc8 51. Kf4 Rf8+ 52. Ke3 Rc8 53. Kf4
Rf8+ 54. Ke3 Rc8 1/2-1/2

[Event "Tournoi des pays de l'OTAN 2012"]
[Site "BREST (France)"]
[Date "2012.10.04"]
[Round "5.5"]
[White "Onley, E J David"]
[Black "Nill, Oliver"]
[Result "1-0"]
[WhiteElo "2107"]
[BlackElo "2193"]
[PlyCount "94"]
[EventDate "2012.??.??"]

1. e4 g6 2. d4 Bg7 3. Nc3 d6 4. Be3 a6 5. Qd2 b5 6. f3 Nd7 7. Nh3 Bb7 8. Nf2 c5
9. dxc5 Nxc5 10. Nd3 Nxd3+ 11. Bxd3 Rc8 12. Qf2 Nf6 13. Bb6 Qd7 14. O-O O-O 15.
a4 b4 16. Nd1 d5 17. e5 Nh5 18. Qe3 Qe6 19. Bd4 f6 20. g4 Nf4 21. Qxf4 fxe5 22.
Qe3 Qd6 23. Re1 exd4 24. Qxe7 Qc6 25. Re6 Rfe8 26. Rxc6 Rxe7 27. Rb6 a5 28. Nf2
Bh6 29. Kf1 Rf8 30. Kg2 Ref7 31. Nh3 Be3 32. Rf1 g5 33. Rb5 Ra8 34. b3 Kg7 35.
Ng1 Ra7 36. Rb6 Rf6 37. Rxf6 Kxf6 38. Ne2 Ba6 39. Rd1 Bxd3 40. Rxd3 Ke5 41. Kf1
Rc7 42. Ke1 Rxc2 43. Kd1 Rb2 44. Ng3 Kf4 45. Nf5 Kxf3 46. Nxe3 dxe3 47. Kc1 Ke4
1-0

[Event "Tournoi des pays de l'OTAN 2012"]
[Site "BREST (France)"]
[Date "2012.10.04"]
[Round "5.6"]
[White "Alaslar, Devrim"]
[Black "Schott, Guido"]
[Result "1-0"]
[WhiteElo "2153"]
[BlackElo "2192"]
[PlyCount "49"]
[EventDate "2012.??.??"]

1. e4 e5 2. Nf3 d6 3. d4 exd4 4. Nxd4 Nf6 5. Nc3 Be7 6. Bf4 O-O 7. Qd2 a6 8.
O-O-O b5 9. f3 c6 10. g4 b4 11. Nce2 c5 12. Nf5 Bxf5 13. gxf5 Qa5 14. Kb1 Nc6
15. Rg1 Rfc8 16. Bh6 g6 17. Nf4 Ne5 18. Nd5 Bd8 19. Bh3 Nxf3 20. Nxf6+ Bxf6 21.
Qf4 Nxg1 22. fxg6 Qd8 23. gxf7+ Kxf7 24. Rxg1 Ke7 25. Qf5 1-0

[Event "Tournoi des pays de l'OTAN 2012"]
[Site "BREST (France)"]
[Date "2012.10.04"]
[Round "5.7"]
[White "Kedzierski, Slawomir"]
[Black "Bohn, Ulrich"]
[Result "1/2-1/2"]
[WhiteElo "2086"]
[BlackElo "2184"]
[PlyCount "31"]
[EventDate "2012.??.??"]

1. d4 Nf6 2. Nf3 c5 3. c4 cxd4 4. Nxd4 e5 5. Nc2 d5 6. cxd5 Qxd5 7. Qxd5 Nxd5
8. e4 Nb4 9. Nxb4 Bxb4+ 10. Bd2 Bxd2+ 11. Nxd2 Nc6 12. Rc1 Ke7 13. Bc4 Be6 14.
Ke2 Rac8 15. Ke3 Rc7 16. Bxe6 1/2-1/2

[Event "Tournoi des pays de l'OTAN 2012"]
[Site "BREST (France)"]
[Date "2012.10.04"]
[Round "5.8"]
[White "Aagaard, Gert"]
[Black "Michalski, Daniel"]
[Result "0-1"]
[WhiteElo "2030"]
[BlackElo "2154"]
[PlyCount "50"]
[EventDate "2012.??.??"]

1. d4 Nf6 2. c4 g6 3. Nc3 d5 4. Bg5 Ne4 5. Bf4 Nxc3 6. bxc3 Bg7 7. e3 O-O 8.
Qb3 c6 9. Nf3 dxc4 10. Bxc4 b5 11. Bd3 Nd7 12. Rd1 Nb6 13. Ne5 Be6 14. Qb1 Nd5
15. Nxc6 Qe8 16. Bxb5 Bd7 17. Nb4 Nxc3 18. Bxd7 Qxd7 19. Qb3 Nxd1 20. O-O e5
21. dxe5 Rad8 22. Bg5 Bxe5 23. e4 Nc3 24. f4 Bd4+ 25. Kh1 Nxe4 0-1

[Event "Tournoi des pays de l'OTAN 2012"]
[Site "BREST (France)"]
[Date "2012.10.04"]
[Round "5.9"]
[White "Giua, Frederic"]
[Black "Narman, Gokhan"]
[Result "1-0"]
[WhiteElo "2237"]
[BlackElo "2075"]
[PlyCount "135"]
[EventDate "2012.??.??"]

1. Nf3 e6 2. d4 b6 3. c4 Bb7 4. e3 f5 5. Be2 Nf6 6. Nbd2 Bd6 7. Qc2 O-O 8. a3
a5 9. b3 Qe7 10. Bb2 Nc6 11. Bd3 Nd8 12. O-O Nf7 13. Rfc1 c5 14. Re1 g6 15. Qc3
cxd4 16. exd4 Bf4 17. d5 e5 18. g3 Bxd2 19. Qxd2 d6 20. Nd4 Rfe8 21. Nb5 Ba6
22. Nc3 Qc7 23. Rec1 Nd7 24. b4 e4 25. Be2 Nde5 26. b5 Bc8 27. Na4 Rb8 28. Qe3
Nd7 29. f4 Nc5 30. Qd4 Ne5 31. Nxc5 bxc5 32. Qc3 h5 33. fxe5 dxe5 34. Rf1 h4
35. Qe3 hxg3 36. hxg3 Kg7 37. Kg2 Rh8 38. Rh1 Bd7 39. Qg5 Qd6 40. Rxh8 Rxh8 41.
Rh1 Rxh1 42. Kxh1 Kf7 43. Qh6 Qf6 44. b6 Qxb6 45. Qh7+ Ke8 46. Qg8+ Ke7 47.
Bxe5 Be8 48. d6+ Kd7 49. Qg7+ Kc8 50. Qc7+ Qxc7 51. dxc7 Bc6 52. Kg1 Bb7 53.
Kf2 Kd7 54. Ke3 Ke6 55. Bc3 a4 56. Bd1 Kd7 57. Ba5 Bc6 58. Kf4 Kc8 59. Ke5 Bd7
60. Kd6 g5 61. Bd2 g4 62. Bf4 Be8 63. Kxc5 Bd7 64. Kb4 Bc6 65. Bxa4 e3 66. Bxc6
e2 67. Bd2 Kxc7 68. Bg2 1-0

[Event "Tournoi des pays de l'OTAN 2012"]
[Site "BREST (France)"]
[Date "2012.10.04"]
[Round "5.10"]
[White "Gooris, Jan"]
[Black "Helbig, Mark"]
[Result "1/2-1/2"]
[WhiteElo "2101"]
[BlackElo "2308"]
[PlyCount "67"]
[EventDate "2012.??.??"]

1. e4 d5 2. exd5 Nf6 3. Bb5+ Bd7 4. Be2 Nxd5 5. d4 Bf5 6. Nf3 e6 7. O-O Nd7 8.
a3 Bd6 9. g3 c6 10. c4 N5f6 11. Nc3 O-O 12. Re1 h6 13. Bf1 Re8 14. h3 Qc7 15.
Kg2 Rad8 16. c5 Bf8 17. Bf4 Qc8 18. g4 Bh7 19. Qa4 a6 20. Rad1 Nd5 21. Bg3 f6
22. Bc4 Kh8 23. Rd2 Bg8 24. Qc2 Be7 25. Bd3 Nf8 26. Ne4 Ng6 27. Nd6 Ngf4+ 28.
Kh2 Bxd6 29. cxd6 Rxd6 30. Bg6 Red8 31. Nh4 R6d7 32. Qe4 Qc7 33. Ng2 e5 34.
dxe5 1/2-1/2

[Event "Tournoi des pays de l'OTAN 2012"]
[Site "BREST (France)"]
[Date "2012.10.04"]
[Round "5.11"]
[White "Cheung, Jan"]
[Black "Sirch, Franz"]
[Result "1/2-1/2"]
[WhiteElo "2085"]
[BlackElo "2173"]
[PlyCount "90"]
[EventDate "2012.??.??"]

1. d4 Nf6 2. c4 c5 3. d5 a6 4. f3 e5 5. e4 d6 6. Nc3 Be7 7. Be3 O-O 8. Bd3 Nbd7
9. Nge2 Ne8 10. Qd2 Nc7 11. a3 Rb8 12. b4 b5 13. Rb1 cxb4 14. axb4 bxc4 15.
Bxc4 Nb6 16. Bd3 Bh4+ 17. g3 Be7 18. Qc2 Bg5 19. f4 exf4 20. gxf4 Bf6 21. Kd2
Bd7 22. Nd4 Nb5 23. Ncxb5 axb5 24. Nc6 Bxc6 25. dxc6 Na8 26. Ba7 Nc7 27. Rb3
Ra8 28. Bb6 Rb8 29. Ba5 Qe7 30. e5 dxe5 31. Bxh7+ Kh8 32. Rh3 Rbd8+ 33. Kc1 Bh4
34. Bxc7 Rd4 35. Bd3 e4 36. Qf2 Rxd3 37. Qxh4+ Qxh4 38. Rxh4+ Kg8 39. Be5 f6
40. Bb2 Rc8 41. Rg4 Rxc6+ 42. Kb1 Rc4 43. Bxf6 Rxb4+ 44. Ka2 Ra4+ 45. Kb1 Rb4+
1/2-1/2

[Event "Tournoi des pays de l'OTAN 2012"]
[Site "BREST (France)"]
[Date "2012.10.04"]
[Round "5.12"]
[White "Balmaceda, Enrico"]
[Black "Papista, Akos"]
[Result "0-1"]
[WhiteElo "2080"]
[BlackElo "2159"]
[PlyCount "54"]
[EventDate "2012.??.??"]

1. d4 d5 2. c4 e6 3. Nc3 Bb4 4. Nf3 dxc4 5. e3 b5 6. Bd2 c6 7. a4 a5 8. axb5
Bxc3 9. Bxc3 cxb5 10. b3 Bb7 11. bxc4 b4 12. Bb2 Nf6 13. Bd3 O-O 14. Qc2 Nbd7
15. h4 Qc7 16. Ne5 h6 17. h5 Nxe5 18. dxe5 Nd7 19. Rh3 Nc5 20. Bh7+ Kh8 21. g4
a4 22. g5 a3 23. gxh6 axb2 24. hxg7+ Kxg7 25. Rg3+ Kh8 26. Rxa8 Rxa8 27. h6
Qxe5 0-1

[Event "Tournoi des pays de l'OTAN 2012"]
[Site "BREST (France)"]
[Date "2012.10.04"]
[Round "5.13"]
[White "Karbowiak, Adam"]
[Black "Kruit, Erik"]
[Result "1-0"]
[WhiteElo "2154"]
[BlackElo "1994"]
[PlyCount "65"]
[EventDate "2012.??.??"]

1. Nf3 b6 2. e4 d6 3. d4 Bb7 4. Bd3 Nd7 5. O-O g6 6. e5 e6 7. exd6 cxd6 8. Nc3
Ngf6 9. Re1 a6 10. Qe2 Bg7 11. Bg5 O-O 12. Ne4 Qc7 13. c3 Nxe4 14. Bxe4 Bxe4
15. Qxe4 Nf6 16. Qh4 Nd5 17. Bh6 Qe7 18. Ng5 Qf6 19. Bxg7 Qxg7 20. Ne4 Rfd8 21.
c4 Nb4 22. Rad1 d5 23. cxd5 Nxd5 24. g4 h6 25. g5 h5 26. Rd3 Ne7 27. Nf6+ Kf8
28. Qe4 Nd5 29. Rf3 Ra7 30. Qd3 Nxf6 31. Rxf6 Kg8 32. Rexe6 Rxd4 33. Re8+ 1-0

[Event "Tournoi des pays de l'OTAN 2012"]
[Site "BREST (France)"]
[Date "2012.10.04"]
[Round "5.14"]
[White "Portman, Carl"]
[Black "Nielsen, Rene O"]
[Result "1/2-1/2"]
[WhiteElo "1994"]
[BlackElo "2150"]
[PlyCount "61"]
[EventDate "2012.??.??"]

1. e4 e5 2. d4 exd4 3. c3 dxc3 4. Nxc3 Bb4 5. Qd4 Nc6 6. Qxg7 Qf6 7. Qxf6 Nxf6
8. Bd2 O-O 9. f3 d5 10. O-O-O dxe4 11. Bg5 Bxc3 12. bxc3 Kg7 13. Bb5 Ne5 14.
Bxf6+ Kxf6 15. fxe4 Be6 16. a3 a6 17. Be2 Bc4 18. Rd4 b5 19. Bxc4 Nxc4 20. a4
c5 21. Rd5 Rac8 22. axb5 axb5 23. Ne2 Ne3 24. Rh5 Nxg2 25. Rf1+ Ke7 26. Rff5 b4
27. Re5+ Kd6 28. Rd5+ Ke7 29. Rhe5+ Kf6 30. Rf5+ Ke7 31. Rfe5+ 1/2-1/2